000
00252nam a2200097Ia 4500
008
230907s9999||||xx |||||||||||||| ||und||
082
_a
621.4021
_b
DIT
245
0
_a
Heat & Thermodynamics /
260
_a
Tata Mcgraw Hill,
_b
New Delhi :
_c
2006
942
_c
BK
999
_c
598836
_d
598836